Schillers Feste der Rhetorik
Pathos ist die prominenteste Form der Schillerschen Redekunst, deren Struktur zum Ausdruck bringt, was auch Schillers Reflexionskultur beherrscht: den Willen zur Überschreitung, in dem sich der Wunsch bekundet, die Enge der Verhältnisse zu überwinden, die Realität zu sprengen, ein Absolutum jens...
Saved in:
| Corporate Author: | |
|---|---|
| Other Authors: | , |
| Format: | Conference Paper |
| Language: | German |
| Published: |
Berlin Boston
De Gruyter
[2022]
|
| Series: | Perspektiven der Schiller-Forschung
Band 3 |
| In: |
Perspektiven der Schiller-Forschung (Band 3)
|
| Volumes / Articles: | Show Volumes / Articles. |
| Subjects: | |
| Online Access: |
|
| Author Notes: | herausgegeben von Peter-André Alt und Stefanie Hundehege |
MARC
| LEADER | 00000cam a2200000 cb4500 | ||
|---|---|---|---|
| 001 | 1756984549 | ||
| 003 | DE-627 | ||
| 005 | 20251226193309.0 | ||
| 007 | tu | ||
| 008 | 210503s2022 gw ||||| 00| ||ger c | ||
| 020 | |a 9783110685978 |9 978-3-11-068597-8 | ||
| 035 | |a (DE-627)1756984549 | ||
| 035 | |a (DE-599)KXP1756984549 | ||
| 035 | |a (OCoLC)1282592298 | ||
| 040 | |a DE-627 |b ger |c DE-627 |e rda | ||
| 041 | |a ger | ||
| 044 | |c XA-DE-BE |c XD-US | ||
| 082 | 0 | |a 833.6 |q SEPA |2 23 | |
| 084 | |a 53 |2 sdnb | ||
| 084 | |a 53 |2 sdnb | ||
| 084 | |a GK 8630 |2 rvk |0 (DE-625)rvk/41227: | ||
| 084 | |a GK 8876 |q DE-24/21sred |2 rvk |0 (DE-625)rvk/41247: | ||
| 084 | |a 07 |2 bwlb | ||
| 084 | |a 18.10 |2 bkl | ||
| 111 | 2 | |a Schillers Feste der Rhetorik |g Veranstaltung |d 2019 |c Marbach am Neckar |j VerfasserIn |0 (DE-588)1185582509 |0 (DE-627)1664956425 |4 aut | |
| 245 | 1 | 0 | |a Schillers Feste der Rhetorik |c herausgegeben von Peter-André Alt und Stefanie Hundehege |
| 264 | 1 | |a Berlin |a Boston |b De Gruyter |c [2022] | |
| 264 | 4 | |c © 2022 | |
| 300 | |a VI, 189 Seiten |b Diagramme | ||
| 336 | |a Text |b txt |2 rdacontent | ||
| 337 | |a ohne Hilfsmittel zu benutzen |b n |2 rdamedia | ||
| 338 | |a Band |b nc |2 rdacarrier | ||
| 490 | 1 | |a Perspektiven der Schiller-Forschung / herausgegeben von Peter-André Alt und Stefanie Hundehege |v Band 3 | |
| 500 | |a Schillers Feste der Rhetorik, Marbach (20.-22.3.2019) | ||
| 520 | |a Pathos ist die prominenteste Form der Schillerschen Redekunst, deren Struktur zum Ausdruck bringt, was auch Schillers Reflexionskultur beherrscht: den Willen zur Überschreitung, in dem sich der Wunsch bekundet, die Enge der Verhältnisse zu überwinden, die Realität zu sprengen, ein Absolutum jenseits der Enge der bestehenden sozialen Ordnung anzusteuern. Internationale Expertinnen und Experten loten die stilistischen, politischen und performativen Dimensionen der Schillerschen Rhetorizität aus | ||
| 600 | 1 | 7 | |0 (DE-588)118607626 |0 (DE-627)133368432 |0 (DE-576)162908903 |a Schiller, Friedrich |d 1759-1805 |2 gnd |7 (dpeaa)DE-631 |
| 650 | 0 | 7 | |0 (DE-588)4076704-8 |0 (DE-627)104598395 |0 (DE-576)20920267X |a Rhetorik |2 gnd |7 (dpeaa)DE-631 |
| 650 | 4 | |a Werkanalyse |0 (DE-631)25033 |7 (dpeaa)DE-631 | |
| 655 | 7 | |a Konferenzschrift |y 2019 |z Marbach am Neckar |0 (DE-588)1071861417 |0 (DE-627)826484824 |0 (DE-576)433375485 |2 gnd-content | |
| 689 | 0 | 0 | |d p |0 (DE-588)118607626 |0 (DE-627)133368432 |0 (DE-576)162908903 |a Schiller, Friedrich |d 1759-1805 |2 gnd |
| 689 | 0 | 1 | |d s |0 (DE-588)4076704-8 |0 (DE-627)104598395 |0 (DE-576)20920267X |a Rhetorik |2 gnd |
| 689 | 0 | |5 (DE-627) | |
| 700 | 1 | |a Alt, Peter-André |d 1960- |e HerausgeberIn |0 (DE-588)12199385X |0 (DE-627)081669038 |0 (DE-576)160062128 |4 edt | |
| 700 | 1 | |a Hundehege, Stefanie |e HerausgeberIn |0 (DE-588)1203893264 |0 (DE-627)168900083X |4 edt | |
| 776 | 1 | |z 9783110686173 |c ePDF | |
| 776 | 1 | |z 9783110686234 |c ePUB | |
| 776 | 0 | 8 | |i Erscheint auch als |n Online-Ausgabe |t Perspektiven der Schiller-Forschung ; Band 3: Schillers Feste der Rhetorik |d Berlin : De Gruyter, 2022 |h 1 Online-Ressource (VI, 189 Seiten) |w (DE-627)1777648696 |z 9783110686173 |z 9783110686234 |
| 787 | 0 | 8 | |i Rezensiert in |a Hentschel, Uwe, 1960 - |t [Rezension von: Perspektiven der Schiller-Forschung. Band 3, Schillers Feste der Rhetorik] |d 2022 |w (DE-627)1796241539 |
| 830 | 0 | |a Perspektiven der Schiller-Forschung |v Band 3 |9 3 |w (DE-627)1556400357 |w (DE-576)486400352 |7 am | |
| 935 | |a BWLB | ||
| 936 | r | v | |a GK 8630 |b Leben und Werk. Gesamtdarstellungen |k Germanistik. Niederlandistik. Skandinavistik |k Deutsche Literatur |k Romantik |k Literaturgeschichte |k Einzelne Autoren der Goethezeit |k Autoren S |k Schiller, Friedrich von |k Sekundärliteratur |k Leben und Werk. Gesamtdarstellungen |0 (DE-627)127064517X |0 (DE-625)rvk/41227: |0 (DE-576)20064517X |
| 936 | r | v | |a GK 8876 |b Stil. Metrik. Rhythmik. Rhetorik |k Germanistik. Niederlandistik. Skandinavistik |k Deutsche Literatur |k Romantik |k Literaturgeschichte |k Einzelne Autoren der Goethezeit |k Autoren S |k Schiller, Friedrich von |k Sekundärliteratur |k Das Werk |k Stil. Metrik. Rhythmik. Rhetorik |0 (DE-627)1270896083 |0 (DE-625)rvk/41247: |0 (DE-576)200896083 |
| 936 | b | k | |a 18.10 |j Deutsche Literatur |0 (DE-627)106405047 |
| 951 | |a MV | ||
| 990 | |a Rhetorik | ||
| 990 | |a Schiller, Friedrich | ||
| 992 | |a 20260330 | ||
| 999 | |a KXP-PPN1756984549 |e 4945580006 | ||
| BIB | |a Y | ||
| SPR | |a Y | ||
| JSO | |a {"origin":[{"publisherPlace":"Berlin ; Boston","dateIssuedDisp":"[2022]","publisher":"De Gruyter","dateIssuedKey":"2022"}],"note":["Schillers Feste der Rhetorik, Marbach (20.-22.3.2019)"],"relMultPart":[{"language":["ger"],"id":{"eki":["1556400357"]},"part":{"number":["Band 3"],"number_sort":["3"]},"person":[{"given":"Peter-André","display":"Alt, Peter-André","family":"Alt","role":"edt"},{"role":"edt","family":"Lepper","given":"Marcel","display":"Lepper, Marcel"},{"role":"edt","given":"Stefanie","family":"Hundehege","display":"Hundehege, Stefanie"}],"disp":"Perspektiven der Schiller-Forschung / herausgegeben von Peter-André Alt und Stefanie Hundehege","type":{"bibl":"edited-book"},"corporate":[{"display":"Schillers Europa (2014, Hannover)","role":"aut"},{"display":"Schillers Theaterpraxis (2017, Marbach am Neckar)","role":"aut"},{"display":"Schillers Feste der Rhetorik (2019, Marbach am Neckar)","role":"aut"}],"origin":[{"publisher":"De Gruyter","dateIssuedDisp":"[2017]-[2022]","publisherPlace":"Berlin ; Boston"}],"note":["Die dreibändige Reihe geht auf Konferenzen der Deutschen Schillergesellschaft zurück und bietet einen Überblick zur aktuellen Forschungssituation, erschlossen durch ein Gesamtregister im dritten Band","Band 1 herausgegeben von Peter-André Alt und Marcel Lepper","Band 2 und Band 3 herausgegeben von Peter-André Alt und Stefanie Hundehege"],"dispAlt":"Perspektiven der Schiller-Forschung","title":[{"title":"Perspektiven der Schiller-Forschung","title_sort":"Perspektiven der Schiller-Forschung"}],"recId":"1556400357"}],"language":["ger"],"id":{"isbn":["9783110685978"],"eki":["1756984549"]},"type":{"bibl":"book"},"person":[{"role":"edt","display":"Alt, Peter-André","given":"Peter-André","family":"Alt"},{"role":"edt","given":"Stefanie","display":"Hundehege, Stefanie","family":"Hundehege"}],"name":{"displayForm":["herausgegeben von Peter-André Alt und Stefanie Hundehege"]},"corporate":[{"display":"Schillers Feste der Rhetorik (2019, Marbach am Neckar)","role":"aut"}],"recId":"1756984549","title":[{"title":"Schillers Feste der Rhetorik","title_sort":"Schillers Feste der Rhetorik"}],"physDesc":[{"noteIll":"Diagramme","extent":"VI, 189 Seiten"}]} | ||
| SRT | |a SCHILLERSFSCHILLERSF2022 | ||